000 00369nam a2200145Ia 4500
008 150201s2000 xx 000 0 und d
082 _a617.643
_bG2000L
100 _aLINDEN, M. VANDER
245 _aGLOSSARY OF ORTHODONTIC TERMS
250 _a1ST
260 _bQUINTESSENCE PUBLICATION
_aCHICAGO
_c2000
300 _a1-300
650 _aORTHODONTICS
942 _2ddc
_cBK
999 _c4466
_d4466